Представление документа в формате RUSMARC

ПолеНазваниеЗначение
  Тип записи a
  Библиографический уровень m
001 Контрольный номер UONB/MAIN/19aae6a7954a4317b82605ca3a86d5e6
005 Дата корректировки 20251121115333.5
100 Данные общей обработки __
a Данные общей обработки 20230802d1971 u y0rusy0189 ca
101 Язык документа 0_
a Язык текста rus
102 Страна публикации __
a Страна публикации RU
105 Кодированные данные (монография) __
a Кодированные данные (монография) y z 000yy
200 Заглавие и сведения об ответственности 1_
a Заглавие Проблемы синтеза искусств и архитектуры
e Сведения, относящиеся к заглавию темат. сборник науч. трудов
f Первые сведения об ответственности Акад. художеств СССР, Ин-т живописи, скульптуры и архитектуры им. И.Е. Репина
203 Вид содержания и тип средства __
a Вид содержания Текст
b Характеристика содержания визуальный
c Тип средства непосредственный
210 Выходные данные 1_
a Место издания Ленинград
c Издательство [б. и.]
d Дата издания 1971-
215 Физическое описание __
d Формат 20 см
712 Наименование организации (Вторичная ответственность) 02
a Организация/ юрисдикция Институт живописи, скульптуры и архитектуры им. И. Е. Репина (Ленинград)
4 Код отношения 570
801 Источник записи _0
a Страна RU
b Организация Ульяновская ОНБ
c Дата составления 20230802
g Правила каталогизации RCR
801 Источник записи _1
a Страна RU
b Организация Ульяновская ОНБ
c Дата составления 20230802
g Правила каталогизации RCR
901 Тип документа __
t Тип документа v
909 Создатель записи __
a Создатель записи Горбункова
b Дата создания записи 20230802